[Event "Sanxenxo Carlos op 7th"]
[Site "Sanxenxo"]
[Date "2015.06.24"]
[Round "5"]
[White "Cubero Ferreiro, Rodrigo"]
[Black "Abal Cores, Lucas"]
[Result "0-1"]
[WhiteElo "2105"]
[BlackElo "2373"]
[PlyCount "112"]
[EventDate "2015.06.20"]
[EventType "swiss"]
[EventRounds "9"]
[EventCountry "ESP"]
[SourceTitle "CBM 167 Extra"]
[Source "ChessBase"]
[SourceDate "2015.09.14"]
[SourceVersion "1"]
[SourceVersionDate "2015.09.14"]
[SourceQuality "1"]

1. d4 Nf6 2. Nf3 e6 3. e3 b6 4. Bd3 Bb7 5. Nbd2 c5 6. 0-0 d6 7. b3 cxd4 8. exd4 Be7 9. c4 0-0 10. Qe2 Nbd7 11. Bb2 Re8 12. Rac1 Qc7 13. Bb1 Rac8 14. Rfd1 Qb8 15. Ng5 Qa8 16. f3 h6 17. Nh3 Bf8 18. Nf1 e5 19. d5 b5 20. Ne3 bxc4 21. bxc4 Rc7 22. Ba3 Ba6 23. Nf5 Nc5 24. Nf2 Rec8 25. Ng4 Nxg4 26. fxg4 g6 27. Ne3 Qb8 28. h4 Re8 29. h5 e4 30. g5 Qd8 31. Bb2 Qxg5 32. Ng4 Bg7 33. Bxg7 Kxg7 34. hxg6 f5 35. Nf2 Qxg6 36. Nh3 Kh7 37. Nf4 Qg5 38. Nh3 Qh4 39. Qf2 Qxf2+ 40. Kxf2 Nd7 41. Nf4 Rxc4 42. Rxc4 Bxc4 43. Rc1 Nb6 44. g4 fxg4 45. Ke3 Nxd5+ 46. Nxd5 Bxd5 47. Rd1 Ba8 48. Rxd6 g3 49. Rd1 h5 50. Rg1 Rg8 51. Bxe4+ Bxe4 52. Kxe4 Kh6 53. Kf3 h4 54. Kg2 Kg5 55. Rc1 Rf8 56. Rc2 Kg4 0-1

[Event "Sanxenxo Carlos op 7th"]
[Site "Sanxenxo"]
[Date "2015.06.22"]
[Round "3"]
[White "Portela Peleteiro, Alberto"]
[Black "Abal Cores, Lucas"]
[Result "0-1"]
[WhiteElo "2105"]
[BlackElo "2373"]
[PlyCount "76"]
[EventDate "2015.06.20"]
[EventType "swiss"]
[EventRounds "9"]
[EventCountry "ESP"]
[SourceTitle "CBM 167 Extra"]
[Source "ChessBase"]
[SourceDate "2015.09.14"]
[SourceVersion "1"]
[SourceVersionDate "2015.09.14"]
[SourceQuality "1"]

1. e4 c5 2. Nc3 Nc6 3. Nge2 d6 4. g3 g6 5. d4 cxd4 6. Nxd4 Bg7 7. Nde2 Nf6 8. Bg2 0-0 9. 0-0 Rb8 10. a4 a6 11. Nd5 b5 12. axb5 axb5 13. h3 Nd7 14. c3 e6 15. Ne3 Nde5 16. Ra2 Qc7 17. b3 Rd8 18. f4 Nd7 19. Nd4 b4 20. Nxc6 Qxc6 21. c4 Nc5 22. f5 Nxe4 23. fxe6 Bxe6 24. Qf3 f5 25. g4 Qc5 26. gxf5 gxf5 27. Bb2 Bh6 28. Re1 Ra8 29. Rxa8 Rxa8 30. Kh1 Ra2 31. Nd1 Bf7 32. Rxe4 fxe4 33. Qxe4 Qg5 34. Qb1 Qd2 35. Be4 Qe1+ 36. Kg2 Rxb2+ 37. Nxb2 Qe2+ 38. Kg3 Bg7 0-1